000 00546nam a2200229Ia 4500
003 OSt
005 20220924132731.0
006 a|||||r|||| 00| 0
007 ta
008 220923b |||||||| |||| 00| 0 hin d
024 _a148866
037 _cTextual
040 _aARTS
_cARTS
_bhin
041 _2hin
_ahin
082 _aT, 152H9
100 _aJaiswal Sitarama
_9204858
245 0 _aSiksa sastra
260 _c1949
650 _aEDUCATION
942 _hT, 152H9
_cTEXL
_2CC
999 _c431337
_d431337